The presidents in american history

Shranjeno v:
Bibliografske podrobnosti
Glavni avtor: Beard, Charles A (Author)
Format: Knjiga
Jezik:španščina
Izdano: Nueva York Julian Messner 1961
Teme:
Oznake: Označite
Brez oznak, prvi označite!

MARC

LEADER 00000nam a2200000 a 4500
001 UCO1065
003 CL-VaPUC
008 000505e19610000US |||||||||||||||||spa|d
082 0 4 |a 923.1  |b BEA  |2 21 
100 0 |a Beard, Charles A  |e author  |9 329941 
245 1 4 |a The presidents in american history 
300 |a 181 p 
942 |c BK 
945 |d 20000505 00:00:00  |a crobeson 
260 |a Nueva York  |b Julian Messner  |c 1961 
650 0 |a Presidentes  |9 255176 
650 0 |a Biografías  |9 255210 
651 0 |a Estados Unidos  |9 255178 
583 |a last modification  |c 20000505 00:00:00  |k Rodrigo Vera 
999 |c 287698  |d 287696 
952 |0 0  |1 0  |4 0  |6 923_100000000000000_BEA_1961  |7 0  |8 A  |9 334659  |a BIBHIS  |b BIBHIS  |d 2019-11-20  |i 127340K  |o 923.1 BEA 1961  |p 127340K  |r 2025-01-20  |w 2019-11-20  |y BK  |k HIS